Statistiche per Squadre vincitrici della Coppa dei Campioni/Champions League

Clicka qui per fare il quiz!

Statistiche generali

  • Questo quiz è stato fatto 779 volte
  • Il punteggio medio è 58 su 65

Statistiche sulle risposte

AnnoSquadra% Corretto
1969AC Milan
99%
1989AC Milan
99%
1990AC Milan
99%
1994AC Milan
99%
1963AC Milan
99%
2003AC Milan
99%
2007AC Milan
99%
2010FC Inter
99%
1964FC Inter
99%
1965FC Inter
99%
1998Real Madrid CF
99%
2000Real Madrid CF
99%
2002Real Madrid CF
99%
1956Real Madrid CF
99%
2014Real Madrid CF
99%
2016Real Madrid CF
99%
1966Real Madrid CF
99%
2017Real Madrid CF
99%
2018Real Madrid CF
99%
1960Real Madrid CF
99%
1959Real Madrid CF
99%
1958Real Madrid CF
99%
1957Real Madrid CF
99%
1985Juventus FC
98%
1996Juventus FC
98%
2013Bayern Monaco
97%
2001Bayern Monaco
97%
2020Bayern Monaco
97%
1975Bayern Monaco
97%
1974Bayern Monaco
97%
1976Bayern Monaco
97%
2015FC Barcellona
97%
2011FC Barcellona
97%
2009FC Barcellona
97%
2006FC Barcellona
97%
1992FC Barcellona
97%
2012Chelsea FC
95%
1977Liverpool FC
95%
2019Liverpool FC
95%
2005Liverpool FC
95%
1984Liverpool FC
95%
1981Liverpool FC
95%
1978Liverpool FC
95%
1968Manchester United FC
95%
1999Manchester United FC
95%
2008Manchester United FC
95%
2004FC Porto
85%
1987FC Porto
85%
1997BV Borussia Dortmund
84%
1995Ajax
83%
1973Ajax
83%
1972Ajax
83%
1971Ajax
83%
1961SL Benfica
76%
1962SL Benfica
76%
1993Olympique Marsiglia
75%
1991Stella Rossa
69%
1980Nottingham Forest F.C.
66%
1979Nottingham Forest F.C.
66%
1988PSV
55%
1983Amburgo SV
54%
1967Celtic FC
54%
1986Steaua Bucarest
51%
1982Aston Villa Football Club
46%
1970Feyenoord Rotterdam
44%

Distribuzione punteggi

Percentile per numero di risposta

Percentuale di utenti per punteggio

I tuoi punteggi nel tempo

Non hai fatto questo quiz